000
00300nam a2200133Ia 4500
008
100328s9999 xx 000 0 und d
082
_b
18190
100
_a
Milkes Georgs
245
_a
East Is East
260
_b
Andre Deutsch
630
_a
East Is East
730
_a
East Is East
942
_c
BOOK
999
_c
512629
_d
512626